<?xml version="1.0" encoding="UTF-8"?>
<collection xmlns="http://www.loc.gov/MARC21/slim">
 <record>
  <leader>05665nam a2200325 a 4500</leader>
  <controlfield tag="001">kal3983</controlfield>
  <controlfield tag="003">Gr-AtHEAL</controlfield>
  <controlfield tag="005">20160427132759.0</controlfield>
  <controlfield tag="006">m        d        </controlfield>
  <controlfield tag="008">160413s2015    gr      s           gre|c</controlfield>
  <datafield tag="020" ind1=" " ind2=" ">
   <subfield code="a">9789606034589</subfield>
  </datafield>
  <datafield tag="040" ind1=" " ind2=" ">
   <subfield code="a">GR-AtHEAL</subfield>
   <subfield code="b">gre</subfield>
   <subfield code="c">GR-AtHEAL</subfield>
  </datafield>
  <datafield tag="082" ind1="0" ind2="4">
   <subfield code="a">624.15</subfield>
   <subfield code="2">23</subfield>
  </datafield>
  <datafield tag="100" ind1="1" ind2=" ">
   <subfield code="a">Νομικός, Παύλος.</subfield>
   <subfield code="8">2104</subfield>
  </datafield>
  <datafield tag="245" ind1="1" ind2="0">
   <subfield code="a">Εισαγωγή στη μηχανική των πετρωμάτων</subfield>
   <subfield code="h">[Ηλεκτρονικός πόρος] </subfield>
   <subfield code="c">Νομικός, Παύλος ; Κριτικός αναγνώστης,Σοφιανός, Αλέξανδρος ; Τεχνική επιμέλεια,Κοτσάνης, Δημήτριος ; Γλωσσική επιμέλεια,Παππάς, Βασίλειος.</subfield>
  </datafield>
  <datafield tag="260" ind1=" " ind2=" ">
   <subfield code="a">Αθήνα :</subfield>
   <subfield code="b">Σύνδεσμος Ελληνικών Ακαδημαϊκών Βιβλιοθηκών,</subfield>
   <subfield code="c">c2015.</subfield>
  </datafield>
  <datafield tag="490" ind1=" " ind2=" ">
   <subfield code="a">Ακαδημαϊκά Ηλεκτρονικά Συγγράμματα και Βοηθήματα Κάλλιπος</subfield>
   <subfield code="8">40</subfield>
  </datafield>
  <datafield tag="520" ind1=" " ind2=" ">
   <subfield code="a">Το βιβλίο αυτό απευθύνεται σε προπτυχιακούς φοιτητές Πολυτεχνικών Σχολών και Τεχνολογικών Ιδρυμάτων, που διδάσκονται θέματα Μηχανικής των Πετρωμάτων καθώς και σε μηχανικούς της πράξης που επιθυμούν να κατανοήσουν το αντίστοιχο θεωρητικό υπόβαθρο και να ενημερωθούν για τις νεώτερες απόψεις περί της μηχανικής συμπεριφοράς των πετρωμάτων. Στο βιβλίο αναπτύσσονται οι βασικές έννοιες της μηχανικής εφαρμοσμένες στα πετρώματα ενώ δίνεται έμφαση στις εργαστηριακές μεθόδους και στις τυποποιημένες δοκιμές προσδιορισμού των φυσικών και μηχανικών ιδιοτήτων του πετρώματος και των ασυνεχειών του. Οι πρακτικές εφαρμογές της μηχανικής των πετρωμάτων εισάγονται μέσω των μεθόδων εμπειρικής εκτίμησης της αντοχής και παραμορφωσιμότητας της βραχομάζας, καθώς και με την εξέταση μηχανισμών αστοχίας επιφανειακών κατασκευών σε πετρώματα, που ελέγχονται από την αντοχή των ασυνεχειών ή της βραχομάζας. Αναλυτικότερα, ο αναγνώστης μπορεί να βρει σε αυτό το βιβλίο το απαραίτητο υλικό για την κατανόηση των εννοιών που σχετίζονται με:- τη φύση του πετρώματος ως γεωλογικό υλικό και τη σχέση του με τις μηχανικές και φυσικές του ιδιότητες- τη σημασία της εντατικής κατάστασης του πετρώματος και τις μεθόδους ανάλυσης της τάσης, της παραμόρφωσης και της καταστατικής συμπεριφοράς του πετρώματος- την μακροσκοπική συμπεριφορά του πετρώματος σε θλίψη και εφελκυσμό- τον προσδιορισμό των φυσικών και μηχανικών ιδιοτήτων του πετρώματος στο εργαστήριο- τον προσδιορισμό της διατμητικής αντοχής των ασυνεχειών στο εργαστήριο, την εκτίμηση της διατμητικής αντοχής των ασυνεχειών in situ, και την σημασία αυτών για την εκτίμηση της ευστάθειας βραχωδών πρανών, όταν η αστοχία του πρανούς ελέγχεται από την ολίσθηση τεμαχών του πετρώματος σε επιφάνειες ασυνεχειών- τη δομή, την τεχνική ταξινόμηση και τις εμπειρικές μεθόδους προσδιορισμού της αντοχής και παραμορφωσιμότητας της βραχομάζας, με εφαρμογή στην ανάλυση της ευστάθειας πρανούς σε ασθενείς κατακερματισμένες βραχόμαζες και σε θεμελιώσεις σε πετρώματα.</subfield>
  </datafield>
  <datafield tag="650" ind1=" " ind2="0">
   <subfield code="a">Geotechnical engineering</subfield>
   <subfield code="8">2571</subfield>
  </datafield>
  <datafield tag="650" ind1=" " ind2="0">
   <subfield code="a">Rock mechanics</subfield>
   <subfield code="8">2572</subfield>
  </datafield>
  <datafield tag="653" ind1=" " ind2=" ">
   <subfield code="a">Γεωτεχνική μηχανική</subfield>
  </datafield>
  <datafield tag="653" ind1=" " ind2=" ">
   <subfield code="a">Εργαστηριακές δοκιμές</subfield>
  </datafield>
  <datafield tag="653" ind1=" " ind2=" ">
   <subfield code="a">Βραχομηχανική</subfield>
  </datafield>
  <datafield tag="653" ind1=" " ind2=" ">
   <subfield code="a">Τεχνολογία και επιστήμες μηχανικών</subfield>
   <subfield code="a">Τεχνολογία και μηχανική ορυχείων και μεταλλουργίας</subfield>
   <subfield code="a">Μηχανική πετρωμάτων</subfield>
  </datafield>
  <datafield tag="700" ind1="1" ind2=" ">
   <subfield code="a">Σοφιανός, Αλέξανδρος</subfield>
   <subfield code="e">Κριτικός αναγνώστης</subfield>
   <subfield code="8">2105</subfield>
  </datafield>
  <datafield tag="856" ind1="4" ind2="0">
   <subfield code="u">http://hdl.handle.net/11419/3983</subfield>
   <subfield code="z">Πλήρες Κείμενο - Full text</subfield>
  </datafield>
  <datafield tag="907" ind1=" " ind2=" ">
   <subfield code="a">.b25678474</subfield>
   <subfield code="b">12-06-18</subfield>
   <subfield code="c">29-07-16</subfield>
  </datafield>
  <datafield tag="949" ind1=" " ind2=" ">
   <subfield code="0">0</subfield>
   <subfield code="1">0</subfield>
   <subfield code="2">ddc</subfield>
   <subfield code="4">0</subfield>
   <subfield code="6">624_150000000000000_ΝΟΜ</subfield>
   <subfield code="7">0</subfield>
   <subfield code="8">KALL</subfield>
   <subfield code="8">606</subfield>
   <subfield code="d">2016-04-13</subfield>
   <subfield code="r">2016-04-13</subfield>
   <subfield code="w">2016-04-13</subfield>
   <subfield code="z">624.15 ΝΟΜ</subfield>
   <subfield code="o">SEAB KALLIPOS</subfield>
  </datafield>
  <datafield tag="998" ind1=" " ind2=" ">
   <subfield code="a">80</subfield>
   <subfield code="a">01</subfield>
   <subfield code="a">02</subfield>
   <subfield code="a">03</subfield>
   <subfield code="a">04</subfield>
   <subfield code="a">05</subfield>
   <subfield code="a">06</subfield>
   <subfield code="a">07</subfield>
   <subfield code="a">08</subfield>
   <subfield code="a">09</subfield>
   <subfield code="a">10</subfield>
   <subfield code="a">11</subfield>
   <subfield code="a">12</subfield>
   <subfield code="a">13</subfield>
   <subfield code="a">14</subfield>
   <subfield code="a">15</subfield>
   <subfield code="a">16</subfield>
   <subfield code="a">17</subfield>
   <subfield code="a">18</subfield>
   <subfield code="a">19</subfield>
   <subfield code="a">20</subfield>
   <subfield code="a">21</subfield>
   <subfield code="a">22</subfield>
   <subfield code="a">23</subfield>
   <subfield code="a">24</subfield>
   <subfield code="a">25</subfield>
   <subfield code="a">26</subfield>
   <subfield code="b">10-05-17</subfield>
   <subfield code="c">m</subfield>
   <subfield code="d">z  </subfield>
   <subfield code="e">-</subfield>
   <subfield code="f">gre</subfield>
   <subfield code="g">gr </subfield>
   <subfield code="h">0</subfield>
  </datafield>
  <datafield tag="942" ind1=" " ind2=" ">
   <subfield code="2">ddc</subfield>
   <subfield code="c">KALLIPOS</subfield>
  </datafield>
 </record>
</collection>
